Vplyv cestovného ruchu na kvalitu života rezidentov bakalárska práca

Gespeichert in:
Bibliographische Detailangaben
1. Verfasser: Hricová, Ema
Körperschaft: Obchodná fakulta EU. Katedra služieb a cestovného ruchu - zrušené
Weitere Verfasser: Fodranová, Iveta, 1959-
Format: Buch
Sprache:Slowakisch
Veröffentlicht: Bratislava 2017
Tags: Tag hinzufügen
Keine Tags, Fügen Sie das erste Tag hinzu!

MARC

LEADER 00000nbm a2200000 4500
001 0232714
005 20170807102430.8
041 0 |a slo 
044 |a SK 
245 1 0 |a Vplyv cestovného ruchu na kvalitu života rezidentov  |b bakalárska práca  |c Ema Hricová ; školiteľ: Iveta Fodranová 
264 1 |a Bratislava  |c 2017 
300 |a 57 s. 
100 1 |a Hricová, Ema 
700 1 |a Fodranová, Iveta, 1959- 
710 2 |a Obchodná fakulta EU. Katedra služieb a cestovného ruchu - zrušené